<?xml version="1.0" encoding="UTF-8"?>
<record
    xmlns:xsi="http://www.w3.org/2001/XMLSchema-instance"
    xsi:schemaLocation="http://www.loc.gov/MARC21/slim http://www.loc.gov/standards/marcxml/schema/MARC21slim.xsd"
    xmlns="http://www.loc.gov/MARC21/slim">

  <leader>02830nam a2200373 a 4500</leader>
  <controlfield tag="001">78009</controlfield>
  <controlfield tag="003">BD-RjUL</controlfield>
  <controlfield tag="005">20211209083058.0</controlfield>
  <controlfield tag="008">210303s2007    bg a|||| m||| 00| 0 ben d</controlfield>
  <datafield tag="035" ind1=" " ind2=" ">
    <subfield code="a">(BD-RjUL)78235</subfield>
  </datafield>
  <datafield tag="040" ind1=" " ind2=" ">
    <subfield code="a">BD-RjUL</subfield>
    <subfield code="b">ben /eng</subfield>
    <subfield code="c">BD-RjUL</subfield>
    <subfield code="d">BD-RjUL</subfield>
  </datafield>
  <datafield tag="041" ind1=" " ind2=" ">
    <subfield code="a">ben</subfield>
  </datafield>
  <datafield tag="082" ind1=" " ind2=" ">
    <subfield code="a">305.406095492</subfield>
    <subfield code="b">HAB 2007</subfield>
    <subfield code="2">23</subfield>
  </datafield>
  <datafield tag="100" ind1=" " ind2=" ">
    <subfield code="a">&#x9B9;&#x9BE;&#x9AF;&#x9BC;&#x9A6;&#x9BE;&#x9B0;, &#x9AE;&#x9CB;&#x99B;&#x9BE;: &#x9B9;&#x9BE;&#x9AC;&#x9BF;&#x9AC;&#x9BE;</subfield>
    <subfield code="9">245490</subfield>
  </datafield>
  <datafield tag="245" ind1="1" ind2="0">
    <subfield code="a">&#x9AC;&#x9BF;&#x982;&#x9B6; &#x9B6;&#x9A4;&#x9BE;&#x9AC;&#x9CD;&#x9A6;&#x9C0;&#x9B0; &#x9B6;&#x9C7;&#x9B7;&#x9BE;&#x9B0;&#x9CD;&#x9A7;&#x9C7; &#x9AC;&#x9BE;&#x982;&#x9B2;&#x9BE;&#x9A6;&#x9C7;&#x9B6;&#x9C7;&#x9B0; &#x9A8;&#x9BE;&#x9B0;&#x9C0; : </subfield>
    <subfield code="b">&#x9B8;&#x982;&#x997;&#x9A0;&#x9A8;&#x9C7;&#x9B0; &#x987;&#x9A4;&#x9BF;&#x9B9;&#x9BE;&#x9B8; &#x98F;&#x9AC;&#x982; &#x986;&#x9A4;&#x9CD;&#x9A8;&#x9B8;&#x99A;&#x9C7;&#x9A4;&#x9A8;&#x9A4;&#x9BE;- &#x98F;&#x995;&#x99F;&#x9BF; &#x9AA;&#x9B0;&#x9CD;&#x9AF;&#x9BE;&#x9B2;&#x9CB;&#x99A;&#x9A8;&#x9BE; /</subfield>
    <subfield code="c">&#x9AE;&#x9CB;&#x99B;&#x9BE;&#x983; &#x9B9;&#x9BE;&#x9AC;&#x9BF;&#x9AC;&#x9BE; &#x9B9;&#x9BE;&#x9AF;&#x9BC;&#x9A6;&#x9BE;&#x9B0; ;</subfield>
    <subfield code="6">&#x997;&#x9AC;&#x9C7;&#x9B7;&#x9A3;&#x9BE; &#x9A4;&#x9A4;&#x9CD;&#x9A4;&#x9CD;&#x9AC;&#x9BE;&#x9AC;&#x9A7;&#x9BE;&#x9AF;&#x9BC;&#x995; : &#x9AE;&#x9CB;. &#x9AE;&#x9BE;&#x9B9;&#x9AC;&#x9C1;&#x9AC;&#x9B0; &#x9B0;&#x9B9;&#x9AE;&#x9BE;&#x9A8;</subfield>
  </datafield>
  <datafield tag="260" ind1=" " ind2=" ">
    <subfield code="a">&#x9B0;&#x9BE;&#x99C;&#x9B6;&#x9BE;&#x9B9;&#x9C0; :</subfield>
    <subfield code="b">&#x987;&#x9A4;&#x9BF;&#x9B9;&#x9BE;&#x9B8; &#x9AC;&#x9BF;&#x9AD;&#x9BE;&#x997;, &#x9B0;&#x9BE;&#x99C;&#x9B6;&#x9BE;&#x9B9;&#x9C0; &#x9AC;&#x9BF;&#x9B6;&#x9CD;&#x9AC;&#x9AC;&#x9BF;&#x9A6;&#x9CD;&#x9AF;&#x9BE;&#x9B2;&#x9AF;&#x9BC;,</subfield>
    <subfield code="c">&#x9E8;&#x9E6;&#x9E6;&#x9ED;</subfield>
  </datafield>
  <datafield tag="300" ind1=" " ind2=" ">
    <subfield code="a">xi, &#x9E9;&#x9EB;&#x9E8; &#x9AA;&#x9BE;&#x9A4;&#x9BE; :</subfield>
    <subfield code="b">&#x99A;&#x9BF;&#x98F; ;</subfield>
    <subfield code="c">&#x9E8;&#x9EF; &#x9B8;&#x9C7;&#x9AE;&#x9BF;.</subfield>
  </datafield>
  <datafield tag="502" ind1=" " ind2=" ">
    <subfield code="a">&#x9A5;&#x9BF;&#x9B8;&#x9BF;&#x9B8; (&#x9AA;&#x9BF;&#x98F;&#x987;&#x99A;. &#x9A1;&#x9BF;.) -- &#x987;&#x9A4;&#x9BF;&#x9B9;&#x9BE;&#x9B8; &#x9AC;&#x9BF;&#x9AD;&#x9BE;&#x997;, &#x9B0;&#x9BE;&#x99C;&#x9B6;&#x9BE;&#x9B9;&#x9C0; &#x9AC;&#x9BF;&#x9B6;&#x9CD;&#x9AC;&#x9AC;&#x9BF;&#x9A6;&#x9CD;&#x9AF;&#x9BE;&#x9B2;&#x9AF;&#x9BC;, &#x9E8;&#x9E6;&#x9E6;&#x9ED;</subfield>
  </datafield>
  <datafield tag="504" ind1=" " ind2=" ">
    <subfield code="a">&#x997;&#x9CD;&#x9B0;&#x9A8;&#x9CD;&#x9A5;&#x9AA;&#x99E;&#x9CD;&#x99C;&#x9BF; : &#x9AA;&#x9BE;&#x9A4;&#x9BE; [&#x9E8;&#x9ED;&#x9E9;]-&#x9E8;&#x9EE;&#x9EF;</subfield>
  </datafield>
  <datafield tag="600" ind1=" " ind2=" ">
    <subfield code="a">	</subfield>
    <subfield code="q">	 </subfield>
    <subfield code="x"> 	      </subfield>
    <subfield code="9">245624</subfield>
  </datafield>
  <datafield tag="610" ind1=" " ind2=" ">
    <subfield code="a"> 	  </subfield>
    <subfield code="9">245625</subfield>
  </datafield>
  <datafield tag="650" ind1=" " ind2=" ">
    <subfield code="a">&#x9AE;&#x9B9;&#x9BF;&#x9B2;&#x9BE; - &#x9AC;&#x9BE;&#x982;&#x9B2;&#x9BE;&#x9A6;&#x9C7;&#x9B6; </subfield>
    <subfield code="z">&#x9AC;&#x9BE;&#x982;&#x9B2;&#x9BE;&#x9A6;&#x9C7;&#x9B6; </subfield>
    <subfield code="x">&#x9B8;&#x9AE;&#x9BF;&#x9A4;&#x9BF; &#x98F;&#x9AC;&#x982; &#x995;&#x9CD;&#x9B2;&#x9BE;&#x9AC;&#x9B8;&#x9AE;&#x9C2;&#x9B9;</subfield>
    <subfield code="y">&#x9E7;&#x9EE;&#x9E7;&#x9EF;-&#x9E8;&#x9E6;&#x9E6;&#x9E6; &#x996;&#x9CD;&#x9B0;&#x9BF;&#x9B7;&#x9CD;&#x99F;&#x9BE;&#x9AC;&#x9CD;&#x9A6;</subfield>
    <subfield code="9">245608</subfield>
  </datafield>
  <datafield tag="650" ind1=" " ind2=" ">
    <subfield code="a">Women </subfield>
    <subfield code="z">Bangladesh </subfield>
    <subfield code="x">Societies and clubs</subfield>
    <subfield code="y">1819-2000 A. D.</subfield>
    <subfield code="9">245609</subfield>
  </datafield>
  <datafield tag="650" ind1=" " ind2=" ">
    <subfield code="a">&#x9AE;&#x9B9;&#x9BF;&#x9B2;&#x9BE; </subfield>
    <subfield code="z">&#x9AC;&#x9BE;&#x982;&#x9B2;&#x9BE;&#x9A6;&#x9C7;&#x9B6; </subfield>
    <subfield code="x">&#x9B8;&#x9BE;&#x9AE;&#x9BE;&#x99C;&#x9BF;&#x995; &#x9AA;&#x9B0;&#x9BF;&#x9B8;&#x9CD;&#x9A5;&#x9BF;&#x9A4;&#x9BF; </subfield>
    <subfield code="y">&#x9E7;&#x9EE;&#x9E7;&#x9EF;-&#x9E8;&#x9E6;&#x9E6;&#x9E6; &#x996;&#x9CD;&#x9B0;&#x9BF;&#x9B7;&#x9CD;&#x99F;&#x9BE;&#x9AC;&#x9CD;&#x9A6;</subfield>
    <subfield code="9">245612</subfield>
  </datafield>
  <datafield tag="650" ind1=" " ind2=" ">
    <subfield code="a">Women </subfield>
    <subfield code="z">Bangladesh </subfield>
    <subfield code="x">Social conditions</subfield>
    <subfield code="y">1819-2000 A. D.</subfield>
    <subfield code="9">245613</subfield>
  </datafield>
  <datafield tag="650" ind1=" " ind2=" ">
    <subfield code="a">&#x9AE;&#x9B9;&#x9BF;&#x9B2;&#x9BE; </subfield>
    <subfield code="z">&#x9AC;&#x9BE;&#x982;&#x9B2;&#x9BE;&#x9A6;&#x9C7;&#x9B6; </subfield>
    <subfield code="x">&#x985;&#x9B0;&#x9CD;&#x9A5;&#x9A8;&#x9C8;&#x9A4;&#x9BF;&#x995; &#x985;&#x9AC;&#x9B8;&#x9CD;&#x9A5;&#x9BE;</subfield>
    <subfield code="y">&#x9E7;&#x9EE;&#x9E7;&#x9EF;-&#x9E8;&#x9E6;&#x9E6;&#x9E6; &#x996;&#x9CD;&#x9B0;&#x9BF;&#x9B7;&#x9CD;&#x99F;&#x9BE;&#x9AC;&#x9CD;&#x9A6;</subfield>
    <subfield code="9">245614</subfield>
  </datafield>
  <datafield tag="650" ind1=" " ind2=" ">
    <subfield code="a">Women </subfield>
    <subfield code="z">Bangladesh </subfield>
    <subfield code="x">Economic conditions</subfield>
    <subfield code="y">1819-2000 A. D.</subfield>
    <subfield code="9">245615</subfield>
  </datafield>
  <datafield tag="650" ind1=" " ind2=" ">
    <subfield code="a">&#x9A8;&#x9BE;&#x9B0;&#x9C0; &#x989;&#x9A8;&#x9CD;&#x9A8;&#x9AF;&#x9BC;&#x9A8;&#x9C7; </subfield>
    <subfield code="z">&#x9AC;&#x9BE;&#x982;&#x9B2;&#x9BE;&#x9A6;&#x9C7;&#x9B6;</subfield>
    <subfield code="y">&#x9E7;&#x9EE;&#x9E7;&#x9EF;-&#x9E8;&#x9E6;&#x9E6;&#x9E6; &#x996;&#x9CD;&#x9B0;&#x9BF;&#x9B7;&#x9CD;&#x99F;&#x9BE;&#x9AC;&#x9CD;&#x9A6;</subfield>
    <subfield code="9">245616</subfield>
  </datafield>
  <datafield tag="650" ind1=" " ind2=" ">
    <subfield code="a">Women in development </subfield>
    <subfield code="z">Bangladesh</subfield>
    <subfield code="y">1819-2000 A. D.</subfield>
    <subfield code="9">245617</subfield>
  </datafield>
  <datafield tag="650" ind1=" " ind2=" ">
    <subfield code="a">&#x9AE;&#x9B9;&#x9BF;&#x9B2;&#x9BE; </subfield>
    <subfield code="x">&#x995;&#x9B0;&#x9CD;&#x9AE;&#x9B8;&#x982;&#x9B8;&#x9CD;&#x9A5;&#x9BE;&#x9A8; </subfield>
    <subfield code="z">&#x9AC;&#x9BE;&#x982;&#x9B2;&#x9BE;&#x9A6;&#x9C7;&#x9B6;</subfield>
    <subfield code="y">&#x9E7;&#x9EE;&#x9E7;&#x9EF;-&#x9E8;&#x9E6;&#x9E6;&#x9E6; &#x996;&#x9CD;&#x9B0;&#x9BF;&#x9B7;&#x9CD;&#x99F;&#x9BE;&#x9AC;&#x9CD;&#x9A6;</subfield>
    <subfield code="9">245618</subfield>
  </datafield>
  <datafield tag="650" ind1=" " ind2=" ">
    <subfield code="a">Women </subfield>
    <subfield code="x">Employment </subfield>
    <subfield code="z">Bangladesh</subfield>
    <subfield code="y">1819-2000 A. D.</subfield>
    <subfield code="9">245619</subfield>
  </datafield>
  <datafield tag="700" ind1=" " ind2=" ">
    <subfield code="a">&#x9B0;&#x9B9;&#x9AE;&#x9BE;&#x9A8;, &#x9AE;&#x9CB;. &#x9AE;&#x9BE;&#x9B9;&#x9AC;&#x9C1;&#x9AC;&#x9B0;, &#x997;&#x9AC;&#x9C7;&#x9B7;&#x9A3;&#x9BE; &#x9A4;&#x9A4;&#x9CD;&#x9A4;&#x9CD;&#x9AC;&#x9BE;&#x9AC;&#x9A7;&#x9BE;&#x9AF;&#x9BC;&#x995;</subfield>
    <subfield code="9">245493</subfield>
  </datafield>
  <datafield tag="942" ind1=" " ind2=" ">
    <subfield code="2">ddc</subfield>
    <subfield code="c">THE</subfield>
  </datafield>
  <datafield tag="999" ind1=" " ind2=" ">
    <subfield code="c">78009</subfield>
    <subfield code="d">78009</subfield>
  </datafield>
  <datafield tag="952" ind1=" " ind2=" ">
    <subfield code="0">0</subfield>
    <subfield code="1">0</subfield>
    <subfield code="2">ddc</subfield>
    <subfield code="4">0</subfield>
    <subfield code="7">1</subfield>
    <subfield code="8">THESES</subfield>
    <subfield code="a">RUCL</subfield>
    <subfield code="b">RUCL</subfield>
    <subfield code="c">Doc/The</subfield>
    <subfield code="d">2009-04-27</subfield>
    <subfield code="e">Controller of Exam., R.U</subfield>
    <subfield code="l">0</subfield>
    <subfield code="o">BTHE 305.406095492 HAB 2007</subfield>
    <subfield code="r">2021-03-03 00:00:00</subfield>
    <subfield code="t">C-1</subfield>
    <subfield code="w">2021-12-09</subfield>
    <subfield code="y">THE</subfield>
  </datafield>
</record>
